<?xml version="1.0" encoding="UTF-8"?>
<record
    xmlns:xsi="http://www.w3.org/2001/XMLSchema-instance"
    xsi:schemaLocation="http://www.loc.gov/MARC21/slim http://www.loc.gov/standards/marcxml/schema/MARC21slim.xsd"
    xmlns="http://www.loc.gov/MARC21/slim">

  <leader>01211nam0a22002891  4500</leader>
  <controlfield tag="001">v19\rc\1963619</controlfield>
  <controlfield tag="005">20251118181024.4</controlfield>
  <datafield tag="035" ind1=" " ind2=" ">
    <subfield code="a">(NLR Aleph) 005047098</subfield>
  </datafield>
  <datafield tag="090" ind1=" " ind2=" ">
    <subfield code="a">6855023</subfield>
    <subfield code="c">6855023</subfield>
  </datafield>
  <datafield tag="100" ind1=" " ind2=" ">
    <subfield code="a">20080428d1913    u  y0rusy50      ca</subfield>
  </datafield>
  <datafield tag="101" ind1="1" ind2=" ">
    <subfield code="a">rus</subfield>
    <subfield code="c">lav</subfield>
  </datafield>
  <datafield tag="102" ind1=" " ind2=" ">
    <subfield code="a">RU</subfield>
  </datafield>
  <datafield tag="105" ind1=" " ind2=" ">
    <subfield code="a">a   z   |||a|</subfield>
  </datafield>
  <datafield tag="200" ind1="1" ind2=" ">
    <subfield code="a">&#x417;&#x430;&#x43C;&#x43A;&#x438; &#x41B;&#x438;&#x444;&#x43B;&#x44F;&#x43D;&#x434;&#x441;&#x43A;&#x43E;&#x439; &#x428;&#x432;&#x435;&#x439;&#x446;&#x430;&#x440;&#x438;&#x438; &#x441;&#x43E; &#x441;&#x442;&#x430;&#x440;&#x44B;&#x43C;&#x438; &#x440;&#x44B;&#x446;&#x430;&#x440;&#x441;&#x43A;&#x438;&#x43C;&#x438; &#x441;&#x442;&#x435;&#x43D;&#x430;&#x43C;&#x438;, &#x441; &#x441;&#x432;&#x43E;&#x438;&#x43C;&#x438; &#x437;&#x43D;&#x430;&#x43C;&#x435;&#x43D;&#x438;&#x442;&#x43E;&#x441;&#x442;&#x44F;&#x43C;&#x438;, &#x433;&#x440;&#x43E;&#x442;&#x430;&#x43C;&#x438; &#x438; &#x441;&#x43A;&#x430;&#x43B;&#x430;&#x43C;&#x438;, &#x441; &#x438;&#x441;&#x442;&#x43E;&#x440;&#x438;&#x447;&#x435;&#x441;&#x43A;&#x438;&#x43C; &#x440;&#x430;&#x441;&#x441;&#x43A;&#x430;&#x437;&#x43E;&#x43C; &#x43E; &#x442;&#x440;&#x435;&#x439;&#x434;&#x435;&#x43D;&#x441;&#x43A;&#x43E;&#x439; &#x41C;&#x430;&#x439;-&#x420;&#x43E;&#x437;&#x435;, &#x43E; &#x435;&#x435; &#x447;&#x435;&#x441;&#x442;&#x43D;&#x43E;&#x441;&#x442;&#x438; &#x438; &#x442;&#x440;&#x430;&#x433;&#x438;&#x447;&#x435;&#x441;&#x43A;&#x43E;&#x439; &#x43A;&#x43E;&#x43D;&#x447;&#x438;&#x43D;&#x435; &#x432; &#x442;&#x440;&#x435;&#x439;&#x434;&#x435;&#x43D;&#x441;&#x43A;&#x43E;&#x439; &#x413;&#x443;&#x442;&#x43C;&#x430;&#x43D;&#x441;&#x43A;&#x43E;&#x439; &#x43D;&#x43E;&#x440;&#x435;</subfield>
    <subfield code="e">&#x41F;&#x435;&#x440;. &#x441; &#x43B;&#x430;&#x442;&#x44B;&#x448;.</subfield>
    <subfield code="f">&#x421;&#x43E;&#x441;&#x442;. &#x41A;. &#x426;&#x438;&#x43B;&#x438;&#x43D;&#x441;&#x43A;&#x438;&#x439;</subfield>
  </datafield>
  <datafield tag="210" ind1=" " ind2=" ">
    <subfield code="a">&#x420;&#x438;&#x433;&#x430;</subfield>
    <subfield code="c">&#x418;. &#x41A;&#x43B;&#x430;&#x432;&#x438;&#x43D;</subfield>
    <subfield code="d">1913</subfield>
  </datafield>
  <datafield tag="215" ind1=" " ind2=" ">
    <subfield code="a">62 &#x441;.</subfield>
    <subfield code="c">&#x438;&#x43B;.</subfield>
    <subfield code="d">20</subfield>
  </datafield>
  <datafield tag="300" ind1=" " ind2=" ">
    <subfield code="a">&#x41D;&#x430; &#x43E;&#x431;&#x43B;. &#x430;&#x432;&#x442;. &#x43D;&#x435; &#x443;&#x43A;&#x430;&#x437;&#x430;&#x43D;</subfield>
  </datafield>
  <datafield tag="700" ind1=" " ind2="1">
    <subfield code="a">&#x426;&#x438;&#x43B;&#x438;&#x43D;&#x441;&#x43A;&#x438;&#x439;</subfield>
    <subfield code="b">&#x41A;.</subfield>
    <subfield code="4">220</subfield>
  </datafield>
  <datafield tag="801" ind1=" " ind2="0">
    <subfield code="a">RU</subfield>
    <subfield code="b">NLR</subfield>
    <subfield code="g">psbo</subfield>
  </datafield>
  <datafield tag="801" ind1=" " ind2="0">
    <subfield code="a">RU</subfield>
    <subfield code="b">RuMoRGB</subfield>
    <subfield code="2">psbo</subfield>
  </datafield>
  <datafield tag="801" ind1=" " ind2="1">
    <subfield code="a">RU</subfield>
    <subfield code="b">ProSoft-M</subfield>
    <subfield code="2">rusmarc</subfield>
  </datafield>
  <datafield tag="852" ind1=" " ind2=" ">
    <subfield code="a">NLR</subfield>
    <subfield code="j">43.21.9.152</subfield>
  </datafield>
  <datafield tag="899" ind1=" " ind2=" ">
    <subfield code="a">RuMoRGB</subfield>
    <subfield code="j">V 35/922</subfield>
  </datafield>
  <datafield tag="899" ind1=" " ind2=" ">
    <subfield code="a">RuMoRGB</subfield>
    <subfield code="j">V 577/75</subfield>
  </datafield>
  <datafield tag="899" ind1=" " ind2=" ">
    <subfield code="a">&#x411;&#x410;&#x41D;</subfield>
  </datafield>
  <datafield tag="942" ind1=" " ind2=" ">
    <subfield code="c">BOOK</subfield>
  </datafield>
  <datafield tag="980" ind1=" " ind2=" ">
    <subfield code="a">NB</subfield>
  </datafield>
  <datafield tag="995" ind1=" " ind2=" ">
    <subfield code="5">2013-10-26</subfield>
    <subfield code="b">NLR02</subfield>
    <subfield code="c">NLR02</subfield>
    <subfield code="e">RFS</subfield>
    <subfield code="f">5047098-10</subfield>
    <subfield code="k">43.21.9.152</subfield>
    <subfield code="o">0</subfield>
    <subfield code="r">BOOK</subfield>
    <subfield code="s">43219152_</subfield>
  </datafield>
  <datafield tag="995" ind1=" " ind2=" ">
    <subfield code="5">2013-10-26</subfield>
    <subfield code="b">NLR01</subfield>
    <subfield code="c">NLR01</subfield>
    <subfield code="e">TEMP</subfield>
    <subfield code="f">5047098-40</subfield>
    <subfield code="o">0</subfield>
    <subfield code="r">BOOK</subfield>
  </datafield>
</record>
